000 00617nam a2200289Ia 4500
005 20260401122157.0
008 008 250103s9999 xx 000 0 eng d
037 _aTB
040 _aEDL
040 _beng
040 _cEDL
041 _2eng
041 _aeng
084 _a894.811 NAN
084 _qEDL
100 _aNandakumar, Prema
_91232824
245 0 _aBharati
245 0 _cNandakumar, Prema
260 _aNew Delhi
260 _bSahitya Akademi
260 _c1989
300 _a86p
942 _cTB
942 _h894.811 NAN
999 _c1845429
_d1845429